The industrial ephemeral : (Record no. 609498)

000 -LEADER
fixed length control field 03196cam a22004698i 4500
001 - CONTROL NUMBER
control field 22380589
003 - CONTROL NUMBER IDENTIFIER
control field NUST
005 - DATE AND TIME OF LATEST TRANSACTION
control field 20240605111609.0
008 - FIXED-LENGTH DATA ELEMENTS--GENERAL INFORMATION
fixed length control field 211222t20222022cau b 001 0 eng
010 ## - LIBRARY OF CONGRESS CONTROL NUMBER
LC control number 2021061564
020 ## - INTERNATIONAL STANDARD BOOK NUMBER
International Standard Book Number 9780520383104
040 ## - CATALOGING SOURCE
Original cataloging agency CU-S/DLC
Language of cataloging eng
Description conventions rda
Transcribing agency DLC
042 ## - AUTHENTICATION CODE
Authentication code pcc
050 00 - LIBRARY OF CONGRESS CALL NUMBER
Classification number HT147.I4
Item number D47 2022
082 00 - DEWEY DECIMAL CLASSIFICATION NUMBER
Classification number 307.760
Author Mark DHA
084 ## - OTHER CLASSIFICATION NUMBER
Classification number SOC002010
-- SOC026030
Number source bisacsh
100 1# - MAIN ENTRY--PERSONAL NAME
Personal name Dharia, Namita Vijay,
Dates associated with a name 1980-
Relator term author.
9 (RLIN) 123251
245 14 - TITLE STATEMENT
Title The industrial ephemeral :
Remainder of title labor and love in Indian architecture and construction /
Statement of responsibility, etc. Namita Vijay Dharia.
263 ## - PROJECTED PUBLICATION DATE
Projected publication date 2207
264 #1 - PRODUCTION, PUBLICATION, DISTRIBUTION, MANUFACTURE, AND COPYRIGHT NOTICE
Place of production, publication, distribution, manufacture Oakland, California :
Name of producer, publisher, distributor, manufacturer University of California Press,
Date of production, publication, distribution, manufacture, or copyright notice [2022]
264 #4 - PRODUCTION, PUBLICATION, DISTRIBUTION, MANUFACTURE, AND COPYRIGHT NOTICE
Date of production, publication, distribution, manufacture, or copyright notice ©2022
300 ## - PHYSICAL DESCRIPTION
Extent 273p.:
Other physical details ill;
Dimensions 23cm.
336 ## - CONTENT TYPE
Content type term text
Content type code txt
Source rdacontent
337 ## - MEDIA TYPE
Media type term unmediated
Media type code n
Source rdamedia
338 ## - CARRIER TYPE
Carrier type term volume
Carrier type code nc
Source rdacarrier
490 0# - SERIES STATEMENT
Series statement Atelier : Ethnographic inquiry in the twenty-first century ;
Volume/sequential designation 7
504 ## - BIBLIOGRAPHY, ETC. NOTE
Bibliography, etc. note Includes bibliographical references and index.
505 0# - FORMATTED CONTENTS NOTE
Formatted contents note Introduction : An asynchronic timeline -- Ephemeral infrastructures -- The financial sublime -- Drawing fantasies -- The industry of sound -- Inside the pit -- Concrete love -- Conclusion : Inquilab zindabad -- Appendix : list of masterplans affecting gurgaon.
520 ## - SUMMARY, ETC.
Summary, etc. "What transformative effects does a multimillion-dollar industry have on those who work within it? The Industrial Ephemeral presents the untold stories of the people, politics, and production chains behind architecture, real estate, and construction in areas surrounding New Delhi, India. The personal histories of those in India's large laboring classes are brought to life as Namita Vijay Dharia discusses the aggressive environmental and ecological transformation of the region in the twenty-first century. Urban planning and architecture are messy processes that intertwine migratory pathways, corruption politics, labor struggle, ecological transformations, and technological development. The aggressive actions of the construction activity produce an atmosphere of ephemerality in urban regions, creating an aesthetic condition that supports industrial political economy. Dharia's brilliant analysis of the aesthetics and experiences of work lends visibility to the struggle of workers in an era of growing urban inequality"--
Assigning source Provided by publisher.
650 #0 - SUBJECT ADDED ENTRY--TOPICAL TERM
Topical term or geographic name entry element Urbanization
General subdivision Social aspects
Geographic subdivision India
-- Delhi
Chronological subdivision 21st century.
9 (RLIN) 123252
650 #0 - SUBJECT ADDED ENTRY--TOPICAL TERM
Topical term or geographic name entry element Labor
General subdivision Anthropological aspects
Geographic subdivision India
-- Delhi.
9 (RLIN) 123253
650 #0 - SUBJECT ADDED ENTRY--TOPICAL TERM
Topical term or geographic name entry element Construction workers
Geographic subdivision India
-- Delhi.
9 (RLIN) 123254
650 #0 - SUBJECT ADDED ENTRY--TOPICAL TERM
Topical term or geographic name entry element Architecture and anthropology
Geographic subdivision India
-- Delhi.
9 (RLIN) 123255
650 #7 - SUBJECT ADDED ENTRY--TOPICAL TERM
Topical term or geographic name entry element SOCIAL SCIENCE / Anthropology / Cultural & Social
Source of heading or term bisacsh
9 (RLIN) 123256
650 #7 - SUBJECT ADDED ENTRY--TOPICAL TERM
Topical term or geographic name entry element SOCIAL SCIENCE / Sociology / Urban
Source of heading or term bisacsh
9 (RLIN) 118672
776 08 - ADDITIONAL PHYSICAL FORM ENTRY
Relationship information Online version:
Main entry heading Dharia, Namita Vijay, 1980-
Title Industrial ephemeral
Place, publisher, and date of publication Oakland : University of California Press, 2022
International Standard Book Number 9780520383111
Record control number (DLC) 2021061565
830 #0 - SERIES ADDED ENTRY--UNIFORM TITLE
Uniform title Atelier (Oakland, Calif.) ;
Volume/sequential designation 7.
9 (RLIN) 123257
906 ## - LOCAL DATA ELEMENT F, LDF (RLIN)
a 7
b cbc
c orignew
d 1
e ecip
f 20
g y-gencatlg
942 ## - ADDED ENTRY ELEMENTS (KOHA)
Source of classification or shelving scheme
Koha item type Book
Holdings
Withdrawn status Lost status Source of classification or shelving scheme Damaged status Not for loan Permanent Location Current Location Date acquired Source of acquisition Total Checkouts Full call number Barcode Date last seen Date last checked out Copy number Cost, replacement price Price effective from Koha item type
          School of Art Design and Architecture (SADA) School of Art Design and Architecture (SADA) 06/03/2024 Golden Books 1 307.760 DHA 2022 SADA0003044 10/15/2025 09/23/2025 01 7606.78 06/05/2024 Book
© 2023 Central Library, National University of Sciences and Technology. All Rights Reserved.